| 000 | 00822cam a2200217 a 4500 | ||
|---|---|---|---|
| 001 | 000001112 | ||
| 005 | 20200929145458.0 | ||
| 008 | 720517s1974 mx b 100 0 spa | ||
| 040 |
_aDO-SdBNP _bspa _cBNPHU |
||
| 082 |
_axxx _bxxx |
||
| 245 | 0 | 0 |
_aCupo limitado : _bcambios tecnológicos y crecimiento de la población / _ccompilado por Harrison Brown y Edward Hutchings. |
| 260 |
_aMéxico D. F. : _bPax-México, _c1974. |
||
| 300 |
_a413 p. : _btab. ; _c21 cm. |
||
| 504 | _aIncluye referencias bibliográficas | ||
| 650 | 4 |
_aPoblación _xCongresos _93808 |
|
| 650 | 4 |
_aControl natal _xCongresos _93809 |
|
| 650 | 4 |
_aTecnología _xAspectos sociales _xCongresos _93810 |
|
| 700 | 1 |
_aBrown, Harrison, _d1917-1986, _ecomp. _93811 |
|
| 700 | 1 |
_aHutchings, Edward, _ecomp. _93812 |
|
| 710 | 2 |
_aCalifornia Institute of Technology. _93813 |
|
| 999 |
_c1070 _d1070 |
||